Under consideration (Record no. 67685)

MARC details
000 -LEADER
fixed length control field 01343cam a2200253 4500
001 - CONTROL NUMBER
control field ABS64185
008 - FIXED-LENGTH DATA ELEMENTS--GENERAL INFORMATION
fixed length control field 000000n2001 000 0 eng u
035 ## - SYSTEM CONTROL NUMBER
System control number (Sirsi) u113598
100 ## - MAIN ENTRY--PERSONAL NAME
Personal name Bosworth, J.
245 ## - TITLE STATEMENT
Title Under consideration
260 ## - PUBLICATION, DISTRIBUTION, ETC.
Date of publication, distribution, etc. 2001
490 ## - SERIES STATEMENT
Series statement Estates Gazette
Volume/sequential designation (0126) 30 June 2001, 158(1)
520 ## - SUMMARY, ETC.
Summary, etc. Looks at the Local Government Act 1972 s123 which places a statutory duty on local authorities to obtain the best price for land, except where the SoS gives consent for a disposal at undervalue. An aggrieved party may even submit a higher bid under s123 after a local authority has decided to dispose of the land to the highest bidder, although it may be rejected under para 5 of the general consents contained in the Act. The local authority is also under no obligation to dispose of the land if it does not wish to do so, but if a challenge is brought for failure to comply with s123 then the purchaser is only protected, under s128(2) of the Act, where the sale or transfer has been completed.
590 ## - LOCAL NOTE (RLIN)
Local note ABS
650 ## - SUBJECT ADDED ENTRY--TOPICAL TERM
Topical term or geographic name entry element DISPOSAL OF LAND
650 ## - SUBJECT ADDED ENTRY--TOPICAL TERM
Topical term or geographic name entry element LOCAL AUTHORITIES
650 ## - SUBJECT ADDED ENTRY--TOPICAL TERM
Topical term or geographic name entry element LOCAL AUTHORITY LAND
650 ## - SUBJECT ADDED ENTRY--TOPICAL TERM
Topical term or geographic name entry element LOCAL GOVERNMENT ACT 1972 S123
650 ## - SUBJECT ADDED ENTRY--TOPICAL TERM
Topical term or geographic name entry element LOCAL GOVERNMENT ACT 1972 S128(2)
650 ## - SUBJECT ADDED ENTRY--TOPICAL TERM
Topical term or geographic name entry element STATUTORY DUTY
650 ## - SUBJECT ADDED ENTRY--TOPICAL TERM
Topical term or geographic name entry element UNDERVALUE
690 ## - LOCAL SUBJECT ADDED ENTRY--TOPICAL TERM (OCLC, RLIN)
Topical term or geographic name as entry element PROPERTY
942 ## - ADDED ENTRY ELEMENTS (KOHA)
Suppress in OPAC 0
Holdings
Withdrawn status Lost status Source of classification or shelving scheme Damaged status Not for loan Home library Current library Shelving location Date acquired Total Checkouts Full call number Barcode Date last seen Copy number Price effective from Koha item type
    Dewey Decimal Classification     London London Journal article 10/07/2001   ABS64185 113598-1001 06/08/2019 1 06/08/2019 Journal article